Informe de la misión a Guatemala, 4-12 abril 1991 /
Tallennettuna:
| Päätekijä: | |
|---|---|
| Yhteisötekijä: | |
| Muut tekijät: | |
| Aineistotyyppi: | Teksti |
| Julkaistu: |
s.l.:
Fundación Danielle Mitterrand
|
| Tagit: |
Lisää tagi
Ei tageja, Lisää ensimmäinen tagi!
|
MARC
| LEADER | 00000 a a2200000 04500 | ||
|---|---|---|---|
| 001 | 23799 | ||
| 003 | |||
| 040 | |||
| 090 | |a 168400 | ||
| 100 | |a Saby, Henry | ||
| 110 | |a Fundación Danielle Mitterrand | ||
| 245 | |a Informe de la misión a Guatemala, 4-12 abril 1991 / |c Henry Saby | ||
| 260 | |a s.l.: |b Fundación Danielle Mitterrand | ||
| 300 | |a 12 p. | ||
| 700 | |a García, Aubert |a Morvannou, Philippe | ||
| 999 | |c 624 |d 624 | ||
